00957nam a2200229 a 4500999001500000001000500015003000900020005001700029008004500046040003800091082001900129100002000148245006700168260004300235300002400278650003900302700002000341942001500361952011700376952011700493952011700610 c1317d13179462BD-DhUAP20200205132616.0200204s pk b | 00eng eng d aBD-DhUAPcBD-DhUAPbEngdBD-DhUAP00223a342.41 WAD a Wade, E. C. S.10aEnglish constitutional law /cE. C. S. Wade and G. G. Philips. aLahore :bP. L. D. publishers,c[...?] a140 pages ;c22 cm. 0aConstitutional lawzBritish.96989 aPhilips, G. G.  2ddccBK04 00102ddc4070aUAPCLbUAPCLcGeneral Stacksd2020-02-05o342.41 WADp3010009462r2020-02-05t1w2020-02-05yBK 00102ddc4070aUAPCLbUAPCLcReserve Stacksd2020-02-05o342.41 WADp3010009461r2021-02-01t2w2020-02-05yBK 00102ddc4070aUAPCLbUAPCLcReserve Stacksd2020-02-05o342.41 WADp3010008256r2021-02-01t3w2020-02-05yBK